Metodología de investigación en didáctica de las ciencias sociales /
Guardado en:
| Autor Principal: | |
|---|---|
| Formato: | Libro |
| Publicado: |
Zaragoza :
Instituto Fernando El Católico,
2010
|
| Materias: | |
| Etiquetas: |
Agregar Etiqueta
Sin Etiquetas, Sea el primero en etiquetar este registro!
|
| LEADER | 00753nam a22002175a 4500 | ||
|---|---|---|---|
| 001 | CEM.cems013802 | ||
| 008 | 130507s2010##################000#0#####d | ||
| 005 | 20210705084401.0 | ||
| 003 | CEMS | ||
| 245 | 1 | 0 | |a Metodología de investigación en didáctica de las ciencias sociales / |c María Rosa Avila Ruiz, Pilar Rivero Gracia y Pedro L. Domínguez Sanz Coordinadores |
| 260 | |a Zaragoza : |b Instituto Fernando El Católico, |c 2010 | ||
| 300 | |a 345 p. | ||
| 590 | |a 1002.013 | ||
| 020 | |a 9788499110516 | ||
| 100 | 1 | |a Avila Ruiz, Rosa María | |
| 653 | |a Ciencias sociales | ||
| 653 | |a Metodología | ||
| 653 | |a Investigación | ||
| 653 | |a Didáctica de las ciencias sociales | ||
| 653 | |a Biblioteca TC | ||
| 859 | |a CEMS |b BIB. CEMS - 11 de abril |h TC |p 1002.013 |t Ej.1 | ||
